Расчет индуктивностей: справочная книга

Dettagli Bibliografici
Autore principale: Калантаров П. Л. Павел Лазаревич
Altri autori: Цейтлин Л. А. Лев Александрович
Lingua:russo
Pubblicazione: Ленинград, Энергоатомиздат, 1986
Edizione:3-е изд., перераб. и доп.
Soggetti:
Natura: MixedMaterials Libro
KOHA link:https://koha.lib.tpu.ru/cgi-bin/koha/opac-detail.pl?biblionumber=377832

MARC

LEADER 00000nam0a2200000 4500
001 377832
005 20231101053641.0
035 |a (RuTPU)RU\TPU\retro\35286 
035 |a RU\TPU\book\33731 
090 |a 377832 
100 |a 20230406d1986 km y0rusy50 ca 
101 0 |a rus 
102 |a RU 
105 |a y g 001zy 
200 1 |a Расчет индуктивностей  |e справочная книга  |f П. Л. Калантаров, Л. А. Цейтлин 
205 |a 3-е изд., перераб. и доп. 
210 |a Ленинград  |c Энергоатомиздат  |d 1986 
215 |a 487 с. 
320 |a Библиография: с. 481-482. 
610 1 |a электрические провода 
610 1 |a индуктивности 
610 1 |a расчеты 
610 1 |a формулы 
610 1 |a таблицы 
610 1 |a кривые 
610 1 |a примеры 
610 1 |a справочники 
675 |a 621.3.011(035)  |v 3 
700 1 |a Калантаров  |b П. Л.  |g Павел Лазаревич 
701 1 |a Цейтлин  |b Л. А.  |g Лев Александрович 
801 0 |a RU  |b 63413507  |c 20011210  |g PSBO 
801 2 |a RU  |b 63413507  |c 20031003  |g PSBO 
801 2 |a RU  |b 63413507  |c 20230406  |g PSBO 
900 |a Электромагнитный контроль, диагностика и экспертиза 
900 |a Физические методы контроля 
942 |c BK